[Event "Rhein Main op-B 22nd"]
[Site "Bad Homburg"]
[Date "2019.06.23"]
[Round "7"]
[White "Thaler, Regina"]
[Black "Berg, Rainer"]
[Result "1-0"]
[WhiteElo "1292"]
[BlackElo "1435"]
[PlyCount "143"]
[EventDate "2019.06.19"]
[EventType "swiss"]
[EventRounds "7"]
[EventCountry "GER"]
[SourceTitle "EXT 2020"]
[Source "ChessBase"]
[SourceDate "2019.10.17"]
[SourceVersion "1"]
[SourceVersionDate "2019.10.17"]
[SourceQuality "1"]

1. Nf3 Nc6 2. d4 d5 3. Nc3 e6 4. e4 Bb4 5. exd5 Bxc3+ 6. bxc3 exd5 7. Ba3 Nf6 8. Bd3 Bg4 9. h3 Bxf3 10. Qxf3 g6 11. Bb5 Kd7 12. 0-0 a6 13. Bd3 Kc8 14. Rfe1 Kb8 15. Bc1 Nh5 16. g4 Ng7 17. Bf4 Ne6 18. Bh2 Rf8 19. Qg3 Ng5 20. Re3 f5 21. f4 Ne4 22. Bxe4 dxe4 23. g5 Na5 24. Qe1 Nc4 25. Re2 Qd5 26. Kg2 Ka7 27. Kg3 Rae8 28. Bg1 h5 29. h4 Re6 30. Be3 Rfe8 31. a4 Na5 32. Qb1 Ka8 33. Qa2 Qc6 34. d5 Qc4 35. Qxc4 Nxc4 36. dxe6 Rxe6 37. Rd1 b6 38. Rd8+ Kb7 39. Rd7 a5 40. Kf2 Rc6 41. Bd4 Nb2 42. Re3 Nxa4 43. Rf7 Nb2 44. Ke2 Nc4 45. Rh3 a4 46. Rf6 b5 47. Rh1 Nb6 48. Rxc6 Kxc6 49. Bxb6 Kxb6 50. Rb1 Kc5 51. c4 b4 52. Rd1 Kc6 53. Rd8 a3 54. Ra8 Kb7 55. Ra4 Kb6 56. c3 a2 57. Rxa2 bxc3 58. Rc2 Ka5 59. Rxc3 Kb4 60. Rc1 Kb3 61. Kd2 Kb4 62. Ra1 Kxc4 63. Ra6 Kd5 64. Rxg6 Kc5 65. Rg8 Kd4 66. Rc8 e3+ 67. Ke2 c5 68. Rxc5 Kxc5 69. g6 Kd4 70. g7 Ke4 71. g8Q Kxf4 72. Qg5+ 1-0

[Event "Rhein Main op-B 22nd"]
[Site "Bad Homburg"]
[Date "2019.06.21"]
[Round "4"]
[White "Berg, Rainer"]
[Black "Doell Hentschker, Susanne"]
[Result "0-1"]
[WhiteElo "1435"]
[BlackElo "1229"]
[PlyCount "96"]
[EventDate "2019.06.19"]
[EventType "swiss"]
[EventRounds "7"]
[EventCountry "GER"]
[SourceTitle "EXT 2020"]
[Source "ChessBase"]
[SourceDate "2019.10.17"]
[SourceVersion "1"]
[SourceVersionDate "2019.10.17"]
[SourceQuality "1"]

1. f4 d5 2. d4 Nf6 3. h3 Ne4 4. Nd2 Bf5 5. g4 Ng3 6. Rh2 Nxf1 7. Nxf1 Be4 8. Ng3 e6 9. Nxe4 dxe4 10. Be3 f5 11. c3 Qd5 12. Qb3 Qxb3 13. axb3 Bd6 14. gxf5 exf5 15. Rg2 0-0 16. h4 b6 17. d5 Nd7 18. b4 Nf6 19. Nh3 Nxd5 20. Bd4 Nf6 21. 0-0-0 Be7 22. Bxf6 Bxf6 23. Ng5 Bxg5 24. Rxg5 Rf7 25. h5 h6 26. Rg6 Kh7 27. e3 Raf8 28. Rc6 Re8 29. b5 Ree7 30. Rd4 Rf6 31. Rxf6 gxf6 32. Ra4 Kg7 33. Rxa7 Kf7 34. c4 c6 35. Rxe7+ Kxe7 36. b4 cxb5 37. c5 bxc5 38. bxc5 Kd7 39. Kc2 Kc6 40. Kc3 Kxc5 41. Kb3 b4 42. Ka4 Kc4 43. Ka5 Kc3 44. Kb5 b3 45. Kc5 b2 46. Kd5 b1Q 47. Ke6 Qb6+ 48. Kxf5 Qxe3 0-1

[Event "Rhein Main op-B 18th"]
[Site "Bad Homburg"]
[Date "2015.06.04"]
[Round "2"]
[White "Dietrich, Klaus"]
[Black "Berg, Rainer"]
[Result "0-1"]
[WhiteElo "768"]
[BlackElo "1590"]
[PlyCount "72"]
[EventDate "2015.06.03"]
[EventType "swiss"]
[EventRounds "7"]
[EventCountry "GER"]
[SourceTitle "CBM 167 Extra"]
[Source "ChessBase"]
[SourceDate "2015.09.14"]
[SourceVersion "1"]
[SourceVersionDate "2015.09.14"]
[SourceQuality "1"]

1. e4 Nc6 2. Nf3 d5 3. Nc3 d4 4. Ne2 Bg4 5. Ng3 e5 6. h3 Bxf3 7. Qxf3 a6 8. Bd3 g6 9. c3 Bh6 10. 0-0 Qf6 11. Qxf6 Nxf6 12. b3 0-0-0 13. Bc2 d3 14. Bd1 Bf4 15. c4 Nd4 16. a4 h5 17. Ne2 dxe2 18. Bxe2 Nxe2+ 19. Kh1 Bxd2 20. Bxd2 Rxd2 21. Rad1 Rhd8 22. Rde1 Nxe4 23. b4 f5 24. b5 a5 25. Kh2 h4 26. Rc1 Nc5 27. Ra1 Nc3 28. f3 Ne2 29. Rfe1 Nd3 30. Rad1 Ndf4 31. Rxd2 Rxd2 32. Rh1 Nd4 33. Rg1 Nxf3+ 34. Kh1 Nxg1 35. Kxg1 Rxg2+ 36. Kh1 Rc2 0-1

[Event "Rhein Main op-B 15th"]
[Site "Bad Homburg"]
[Date "2012.06.10"]
[Round "7"]
[White "Berg, Rainer"]
[Black "Desor, Helmut"]
[Result "0-1"]
[WhiteElo "1453"]
[BlackElo "1791"]
[PlyCount "88"]
[EventDate "2012.06.06"]
[EventType "swiss"]
[EventRounds "7"]
[EventCountry "GER"]
[SourceTitle "EXT 2013"]
[Source "ChessBase"]
[SourceDate "2012.11.22"]
[SourceVersion "1"]
[SourceVersionDate "2012.11.22"]
[SourceQuality "1"]

1. e4 d6 2. d4 Nf6 3. Nc3 g6 4. h3 Bg7 5. Be2 Nbd7 6. Be3 c6 7. Qd2 b5 8. a3 a5 9. Bf3 Bb7 10. Nge2 e5 11. 0-0 Qc7 12. b4 0-0 13. Rfd1 axb4 14. axb4 Nb6 15. dxe5 Nc4 16. Rxa8 Nxd2 17. Rxf8+ Bxf8 18. exf6 Nxf3+ 19. gxf3 Qd7 20. Kg2 Bc8 21. Ng1 Qe6 22. Nce2 Qxf6 23. c3 h5 24. f4 c5 25. bxc5 dxc5 26. e5 Qf5 27. Rd8 Kg7 28. Ng3 Bb7+ 29. f3 Qc2+ 30. N3e2 Qf5 31. Rxf8 Kxf8 32. Bxc5+ Ke8 33. Nd4 Qxf4 34. Bb4 Qxe5 35. h4 Qf4 36. Nxb5 Kd7 37. Nd6 Bc6 38. c4 Ke6 39. Kf2 Qxh4+ 40. Ke3 Qg5+ 41. Kf2 Qf6 42. Ba3 h4 43. Bc5 Qe5 44. Ba3 Qg3+ 0-1

[Event "Rhein Main op 12th"]
[Site "Bad Homburg"]
[Date "2009.06.11"]
[Round "3"]
[White "Berg, Rainer"]
[Black "Diener, Carolin Valeria"]
[Result "1-0"]
[WhiteElo "1537"]
[BlackElo "914"]
[PlyCount "91"]
[EventDate "2009.06.10"]
[EventType "swiss"]
[EventRounds "7"]
[EventCountry "GER"]
[SourceTitle "CBM 131 Extra"]
[Source "ChessBase"]
[SourceDate "2009.09.03"]
[SourceVersion "2"]
[SourceVersionDate "2009.09.16"]
[SourceQuality "1"]

1. e4 e5 2. d4 exd4 3. Qxd4 Nc6 4. Qd1 Nf6 5. f3 Bc5 6. Ne2 0-0 7. Bg5 h6 8. Bxf6 Qxf6 9. c3 a6 10. Nd2 d6 11. Nb3 Ba7 12. Qd2 Be6 13. Nbd4 Bd7 14. 0-0-0 Nxd4 15. Nxd4 c5 16. Nb3 Rac8 17. Qxd6 Qxd6 18. Rxd6 Rfd8 19. Bc4 Bc6 20. Rhd1 Rxd6 21. Rxd6 b5 22. Bd5 Bxd5 23. Rxd5 c4 24. Nd4 Bb8 25. g3 Kh7 26. f4 Re8 27. e5 Ba7 28. Rd7 Bxd4 29. cxd4 Rf8 30. Kc2 f6 31. e6 Re8 32. d5 Kg8 33. f5 Kh8 34. d6 Kg8 35. Ra7 Rd8 36. Rxa6 b4 37. Rb6 b3+ 38. axb3 cxb3+ 39. Kxb3 Kf8 40. e7+ Kf7 41. exd8N+ Ke8 42. Ne6 Kd7 43. Nf8+ Ke8 44. Rb8+ Kf7 45. Ne6 g5 46. Rf8# 1-0

[Event "Rhein Main op 08th"]
[Site "Bad Homburg"]
[Date "2005.05.30"]
[Round "7"]
[White "Berg, Rainer"]
[Black "Peter, Falco"]
[Result "0-1"]
[WhiteElo "1556"]
[BlackElo "1296"]
[PlyCount "80"]
[EventDate "2005.05.25"]
[EventType "swiss"]
[EventRounds "7"]
[EventCountry "GER"]
[SourceTitle "EXT 2006"]
[Source "ChessBase"]
[SourceDate "2005.11.24"]
[SourceVersion "1"]
[SourceVersionDate "2005.11.24"]
[SourceQuality "1"]

1. e4 c5 2. b3 Nc6 3. Bb2 e6 4. h4 Nf6 5. e5 Nd5 6. c4 Nb6 7. g3 d5 8. exd6 Qxd6 9. Nf3 e5 10. Nc3 Bg4 11. Nb5 Qe7 12. Bg2 a6 13. 0-0 0-0-0 14. Qe1 axb5 15. cxb5 Nb4 16. Nxe5 Nc2 17. Qe4 Nxa1 18. Qxg4+ Qe6 19. Qxe6+ fxe6 20. Bxa1 Rxd2 21. Bh3 Be7 22. Bxe6+ Kc7 23. Nf7 Ra8 24. a4 Bf6 25. Bxf6 gxf6 26. Rc1 Nd7 27. Nh6 b6 28. Bf5 Rb2 29. Rd1 Ne5 30. Be6 Nf3+ 31. Kg2 Nd4 32. Bd5 Re8 33. Bc4 Nxb3 34. Ng4 Re4 35. Bxb3 Rxg4 36. Be6 Rg7 37. Ra1 h5 38. Bd5 f5 39. Bf3 f4 40. a5 Rxg3+ 0-1

[Event "Rhein Main op 08th"]
[Site "Bad Homburg"]
[Date "2005.05.27"]
[Round "4"]
[White "Berg, Rainer"]
[Black "Schmidt, Florian"]
[Result "0-1"]
[WhiteElo "1556"]
[BlackElo "1831"]
[PlyCount "60"]
[EventDate "2005.05.25"]
[EventType "swiss"]
[EventRounds "7"]
[EventCountry "GER"]
[SourceTitle "EXT 2006"]
[Source "ChessBase"]
[SourceDate "2005.11.24"]
[SourceVersion "1"]
[SourceVersionDate "2005.11.24"]
[SourceQuality "1"]

1. d4 d5 2. Nf3 c5 3. dxc5 e6 4. b4 Nc6 5. c3 a5 6. Nd4 axb4 7. Nxc6 bxc6 8. cxb4 Qf6 9. Nc3 Qxc3+ 10. Bd2 Qb2 11. a4 Be7 12. e3 Bf6 13. Rb1 Qa3 14. a5 Ne7 15. Be2 0-0 16. 0-0 Ba6 17. Bxa6 Rxa6 18. Rb3 Qa4 19. Qc2 Qb5 20. Rfb1 Ng6 21. g4 Ne5 22. h3 Nf3+ 23. Kg2 Qe2 24. Rd1 Bh4 25. Rf1 Nxd2 26. Qd1 Qxd1 27. Rxd1 Nxb3 28. Rb1 Nd2 29. Rb2 Nc4 30. Rb3 Rb8 0-1

[Event "Rhein Main op 08th"]
[Site "Bad Homburg"]
[Date "2005.05.25"]
[Round "1"]
[White "Goebel, Andreas"]
[Black "Berg, Rainer"]
[Result "1-0"]
[WhiteElo "2068"]
[BlackElo "1556"]
[PlyCount "79"]
[EventDate "2005.05.25"]
[EventType "swiss"]
[EventRounds "7"]
[EventCountry "GER"]
[SourceTitle "EXT 2006"]
[Source "ChessBase"]
[SourceDate "2005.11.24"]
[SourceVersion "1"]
[SourceVersionDate "2005.11.24"]
[SourceQuality "1"]

1. d4 Nf6 2. Bg5 Ne4 3. Bh4 g5 4. Bg3 Bg7 5. e3 d5 6. Nd2 Bf5 7. Ngf3 f6 8. Nxe4 dxe4 9. Nd2 h5 10. h3 a6 11. Be2 Bg6 12. c3 c6 13. Qc2 f5 14. Qb3 Qd7 15. Bc4 b5 16. Be6 Qd8 17. a4 Nd7 18. axb5 axb5 19. Bxd7+ Kxd7 20. 0-0 Rf8 21. d5 h4 22. dxc6+ Ke8 23. c7 Qc8 24. Qxb5+ Kf7 25. Bh2 Bf6 26. Nc4 Kg7 27. Qc6 Qe8 28. Qxa8 Qxa8 29. Rxa8 Rxa8 30. Nb6 Re8 31. Ra1 f4 32. c8Q Rxc8 33. Nxc8 e5 34. Ra7+ Kf8 35. Nd6 Be7 36. Nc4 fxe3 37. Nxe3 Bc5 38. Ra8+ Kf7 39. Bxe5 Ke6 40. Bd4 1-0

[Event "Rhein Main op 07th"]
[Site "Bad Homburg"]
[Date "2004.06.13"]
[Round "7.47"]
[White "Koellner, Ulrich"]
[Black "Berg, Rainer"]
[Result "1-0"]
[WhiteElo "1663"]
[BlackElo "1583"]
[PlyCount "81"]
[EventDate "2004.06.09"]
[EventType "swiss"]
[EventRounds "7"]
[EventCountry "GER"]
[SourceTitle "CBM 100 Extra"]
[Source "ChessBase"]
[SourceDate "2004.07.06"]
[SourceVersion "2"]
[SourceVersionDate "2004.07.06"]
[SourceQuality "1"]

1. d4 Nf6 2. c4 e6 3. Nc3 Bb4 4. Qc2 0-0 5. a3 Bxc3+ 6. Qxc3 d5 7. Bg5 dxc4 8. Qxc4 Qd5 9. Qxd5 Nxd5 10. Nf3 f6 11. Bd2 c6 12. e3 b5 13. Bd3 a5 14. 0-0 g5 15. h3 Kg7 16. g4 Bb7 17. Kg2 Nd7 18. Kg3 h6 19. Rfc1 f5 20. b4 axb4 21. axb4 fxg4 22. hxg4 c5 23. dxc5 Rxf3+ 24. Kxf3 Nxb4+ 25. Ke2 Nxd3 26. Kxd3 Rxa1 27. Bc3+ Nf6 28. Rxa1 Bc6 29. Bxf6+ Kxf6 30. e4 Ke5 31. f3 Kf4 32. Ke2 b4 33. Rb1 Bb5+ 34. Kf2 Be8 35. Rxb4 h5 36. Rb8 Bc6 37. Rb6 Bxe4 38. fxe4 h4 39. c6 Kxg4 40. c7 Kf4 41. c8Q 1-0

[Event "Rhein Main op 07th"]
[Site "Bad Homburg"]
[Date "2004.06.09"]
[Round "1.64"]
[White "Sprandl, Manfred"]
[Black "Berg, Rainer"]
[Result "0-1"]
[WhiteElo "1553"]
[BlackElo "1583"]
[PlyCount "58"]
[EventDate "2004.06.09"]
[EventType "swiss"]
[EventRounds "7"]
[EventCountry "GER"]
[SourceTitle "CBM 100 Extra"]
[Source "ChessBase"]
[SourceDate "2004.07.06"]
[SourceVersion "2"]
[SourceVersionDate "2004.07.06"]
[SourceQuality "1"]

1. d4 Nf6 2. c4 e6 3. Nc3 Bb4 4. Qc2 Nc6 5. Nf3 d5 6. e3 h6 7. Bd3 Bd7 8. 0-0 dxc4 9. Bxc4 Bxc3 10. Qxc3 Ne4 11. Qc2 Nd6 12. Be2 Nb4 13. Qc3 Nd5 14. Qc2 f5 15. Ne5 Qf6 16. Bh5+ Kd8 17. Bd2 Rg8 18. Bf3 g5 19. Rac1 Rc8 20. Bxd5 exd5 21. Nxd7 Kxd7 22. Qb3 c6 23. f3 f4 24. exf4 gxf4 25. a4 Qxd4+ 26. Rf2 Rg6 27. Qc2 Rcg8 28. Bc3 Rxg2+ 29. Kh1 Qxf2 0-1